| 000 | 00451nam a2200181Ia 4500 | ||
|---|---|---|---|
| 001 | 25317 | ||
| 005 | 20260414151141.0 | ||
| 008 | 260414t2012||||xx |||||||||||||| ||spa|| | ||
| 041 | _aESP | ||
| 082 |
_a346.46 _bB25 |
||
| 100 |
_aBarreto Granada, Piedad Lucía _eAUT |
||
| 245 | 0 |
_aDerecho de autor en ambientes virtuales _b |
|
| 260 | _c2012 | ||
| 300 |
_a127 páginas : _c21 cm. |
||
| 650 | _aDER | ||
| 654 | _aCDE | ||
| 942 |
_cLIB _dJUS _fJUS _2ddc _n |
||
| 999 |
_c25317 _d25317 |
||